Dramas of nationhood : (Record no. 18646)
[ view plain ]
| 000 -LEADER | |
|---|---|
| fixed length control field | 00928nam a22002537a 4500 |
| 005 - DATE AND TIME OF LATEST TRANSACTION | |
| control field | 20170225135252.0 |
| 008 - FIXED-LENGTH DATA ELEMENTS--GENERAL INFORMATION | |
| fixed length control field | 141118s2005 ua o grb f001 0 eng d |
| 020 ## - INTERNATIONAL STANDARD BOOK NUMBER | |
| International Standard Book Number | 9789774248894 |
| 020 ## - INTERNATIONAL STANDARD BOOK NUMBER | |
| International Standard Book Number | 9774248899 |
| 040 ## - CATALOGING SOURCE | |
| Original cataloging agency | EG-ScBUE |
| Language of cataloging | ara |
| Transcribing agency | EG-ScBUE |
| Modifying agency | EG-ScBUE |
| 043 ## - GEOGRAPHIC AREA CODE | |
| Geographic area code | f-ua--- |
| 082 04 - DEWEY DECIMAL CLASSIFICATION NUMBER | |
| Classification number | 302.23450962 |
| Item number | ABU |
| Edition number | 22 |
| 100 1# - MAIN ENTRY--PERSONAL NAME | |
| Personal name | Abu-Lughod, Lila |
| 9 (RLIN) | 5902 |
| 245 10 - TITLE STATEMENT | |
| Title | Dramas of nationhood : |
| Remainder of title | the politics of television in Egypt / |
| Statement of responsibility, etc | Lila Abu-Lughod ; with a foreword by Anthony T. Carter. |
| 260 ## - PUBLICATION, DISTRIBUTION, ETC. (IMPRINT) | |
| Place of publication, distribution, etc | Cairo : |
| Name of publisher, distributor, etc | The American University in Cairo Press, |
| Date of publication, distribution, etc | 2005. |
| 300 ## - PHYSICAL DESCRIPTION | |
| Extent | xvii, 319 p. : |
| Other physical details | photographs ; |
| Dimensions | 23 cm. |
| 500 ## - GENERAL NOTE | |
| General note | Index : p. 303-319. |
| 504 ## - BIBLIOGRAPHY, ETC. NOTE | |
| Bibliography, etc | Bibliography : p. 287-302. |
| 650 #7 - SUBJECT ADDED ENTRY--TOPICAL TERM | |
| Topical term or geographic name as entry element | Television broadcasting |
| General subdivision | Social aspects |
| Geographic subdivision | Egypt |
| Source of heading or term | BUEsh |
| 9 (RLIN) | 5904 |
| 651 ## - SUBJECT ADDED ENTRY--GEOGRAPHIC NAME | |
| Source of heading or term | BUEsh |
| 653 ## - INDEX TERM--UNCONTROLLED | |
| Resource For college | Generalities |
| Arrived date list | November2014 |
| 700 1# - ADDED ENTRY--PERSONAL NAME | |
| Personal name | Carter, Anthony T. |
| 9 (RLIN) | 36597 |
| Relator term | author of introduction, etc. |
| 942 ## - ADDED ENTRY ELEMENTS (KOHA) | |
| Source of classification or shelving scheme | Dewey Decimal Classification |
| Call number prefix | 302.23450962 ABU |
| Withdrawn status | Item status | Source of classification or shelving scheme | Damaged status | Not for loan | Vendor | Home library | Current library | Shelving location | Date acquired | Source of acquisition | Total Checkouts | Total Renewals | Full call number | Barcode | Date last seen | Date last borrowed | Koha item type | Cost, normal purchase price | Cost, replacement price |
|---|---|---|---|---|---|---|---|---|---|---|---|---|---|---|---|---|---|---|---|
| Dewey Decimal Classification | Alahram | Central Library | Central Library | First floor | 08/06/2009 | Purchase | 3 | 4 | 302.23450962 ABU | 000016663 | 15/07/2025 | 24/01/2023 | Book - Borrowing | ||||||
| Dewey Decimal Classification | سور الازبكية | Central Library | Central Library | First floor | 18/11/2014 | 302.23450962 ABU | 000037029 | 15/07/2025 | NB - Book (Non borrowing) | 25.00 | 31.25 |